ARRUPE JESUIT UNIVERSITY

CORONAVIRUS -STOP THE SPREAD - CLEAN,DISINFECT,COVER

No religion is an island : (Record no. 123136)

MARC details
000 -LEADER
fixed length control field 01302cam a2200349 a 4500
001 - CONTROL NUMBER
control field 4476891
005 - DATE AND TIME OF LATEST TRANSACTION
control field 20150827092406.0
008 - FIXED-LENGTH DATA ELEMENTS--GENERAL INFORMATION
fixed length control field 911120s1991 nyu b 010 0deng
010 ## - LIBRARY OF CONGRESS CONTROL NUMBER
LC control number 91007739
020 ## - INTERNATIONAL STANDARD BOOK NUMBER
International Standard Book Number 088344769X :
035 ## - SYSTEM CONTROL NUMBER
System control number (OCoLC)23143973
035 ## - SYSTEM CONTROL NUMBER
System control number (OCoLC)ocm23143973
035 ## - SYSTEM CONTROL NUMBER
System control number (NNC)4476891
040 ## - CATALOGING SOURCE
Original cataloging agency DLC
Transcribing agency DLC
Modifying agency DLC
-- NNUT
050 00 - LIBRARY OF CONGRESS CALL NUMBER
Classification number BM755.H34
Item number N6 1991
090 ## - LOCALLY ASSIGNED LC-TYPE CALL NUMBER (OCLC); LOCAL CALL NUMBER (OCLC)
Classification number (OCLC) (R) ; Classification number, CALL (RLIN) (NR) BM755.H34
Local cutter number (OCLC) ; Book number/undivided call number, CALL (RLIN) N6 1991
245 00 - TITLE STATEMENT
Title No religion is an island :
Remainder of title Abraham Joshua Heschel and interreligious dialogue /
Statement of responsibility, etc edited by Harold Kasimow, Byron L. Sherwin.
260 ## - PUBLICATION, DISTRIBUTION, ETC. (IMPRINT)
Place of publication, distribution, etc Maryknoll, N.Y. :
Name of publisher, distributor, etc Orbis,
Date of publication, distribution, etc c1991.
300 ## - PHYSICAL DESCRIPTION
Extent xxv, 205 p. ;
Dimensions 21 cm.
504 ## - BIBLIOGRAPHY, ETC. NOTE
Bibliography, etc Includes bibliographical references (p. 193-201).
600 10 - SUBJECT ADDED ENTRY--PERSONAL NAME
Personal name Heschel, Abraham Joshua,
Dates associated with a name 1907-1972.
9 (RLIN) 18910
600 10 - SUBJECT ADDED ENTRY--PERSONAL NAME
Personal name Heschel, Abraham Joshua,
Dates associated with a name 1907-1972
General subdivision Contributions in religious pluralism.
9 (RLIN) 18911
650 #0 - SUBJECT ADDED ENTRY--TOPICAL TERM
Topical term or geographic name as entry element Religious pluralism
General subdivision Judaism.
9 (RLIN) 18912
650 #0 - SUBJECT ADDED ENTRY--TOPICAL TERM
Topical term or geographic name as entry element Judaism
General subdivision Relations
-- Christianity
Chronological subdivision 1945-
9 (RLIN) 18913
650 #0 - SUBJECT ADDED ENTRY--TOPICAL TERM
Topical term or geographic name as entry element Christianity and other religions
General subdivision Judaism
Chronological subdivision 1945-
9 (RLIN) 18914
650 #0 - SUBJECT ADDED ENTRY--TOPICAL TERM
Topical term or geographic name as entry element Judaism
Chronological subdivision 20th century.
9 (RLIN) 2660
700 1# - ADDED ENTRY--PERSONAL NAME
Personal name Heschel, Abraham Joshua,
Dates associated with a name 1907-1972.
9 (RLIN) 18910
700 1# - ADDED ENTRY--PERSONAL NAME
Personal name Kasimow, Harold,
Dates associated with a name 1937-
9 (RLIN) 18915
700 1# - ADDED ENTRY--PERSONAL NAME
Personal name Sherwin, Byron L.
9 (RLIN) 18916
942 ## - ADDED ENTRY ELEMENTS (KOHA)
Source of classification or shelving scheme Library of Congress Classification
Item type REFERENCE
Holdings
Withdrawn status Lost status Source of classification or shelving scheme Damaged status Not for loan Collection code Home library Current library Shelving location Date acquired Total Checkouts Full call number Barcode Date last seen Date last borrowed Price effective from Koha item type
    Library of Congress Classification     Main Collection ARRUPE LIBRARY ARRUPE LIBRARY Main Collection 27/08/2015 1 BM755.H34 N6 1991 46500004137 04/11/2016 14/10/2016 27/08/2015 Monograph ( Printed materials)

 

Arrupe Library. PO Box MP320 Mt Pleasant, Harare, Zimbabwe
263 242 745411|librarian@aju.ac.zw